International Encyclopedia of the Social Sciences / (Record no. 83281)
[ view plain ]
| 000 -LEADER | |
|---|---|
| campo de control de longitud fija | 00846nam a2200169 i 4500 |
| 001 - NÚMERO DE CONTROL | |
| campo de control | 83281 |
| 003 - IDENTIFICADOR DE NÚMERO DE CONTROL | |
| campo de control | ES-MaACL |
| 007 - CAMPO FIJO DE DESCRIPCIÓN FÍSICA--INFORMACIÓN GENERAL | |
| campo de control de longitud fija | t| |
| 008 - DATOS DE LONGITUD FIJA--INFORMACIÓN GENERAL | |
| campo de control de longitud fija | 041116m19721979xxu ||||1| eng d |
| 245 00 - MENCIÓN DEL TÍTULO | |
| Título | International Encyclopedia of the Social Sciences / |
| Mención de responsabilidad, etc. | David L. Sills, editor. |
| 250 ## - MENCION DE EDICION | |
| Mención de edición | [Reprint ed. complete and unabridge]. |
| 260 ## - PUBLICACIÓN, DISTRIBUCIÓN, ETC. | |
| Lugar de publicación, distribución, etc. | New York : |
| Nombre del editor, distribuidor, etc. | Macmillan and Cº : |
| -- | The Free Press ; |
| Lugar de publicación, distribución, etc. | London : |
| Nombre del editor, distribuidor, etc. | Collier-Macmillan, |
| Fecha de publicación, distribución, etc. | 1972-1979. |
| 300 ## - DESCRIPCIÓN FÍSICA | |
| Extensión | 9 v. (18 t.) ; |
| Dimensiones | 26 cm. |
| 505 8# - NOTA DE CONTENIDO CON FORMATO | |
| Nota de contenido con formato | Contiene: V.I (t.1-2): Abil-Coll. -- V.II (t.3-4): Colo-Elas. -- V.III (t.5-6): Elec-Hume. -- V.IV (t.7-8): Humo-Lang. -- V.V (t.9-10): Lang-Myth. -- V.VI (t.11-12): Nade Psyc. -- V.II (t.13-14): Psyc-Soci. --V.VIII (t.15-17): Soci-Zoos. -- V.IX (t.18): Bibliographical Supplement |
| 700 1# - ENTRADA AGREGADA--NOMBRE PERSONAL | |
| Nombre de persona | Sills, David L. |
| 9 (RLIN) | 106353 |
| 852 ## - LOCALIZACIÓN | |
| Ubicación | ES-MaACL |
| Número de control de estantería | G-12055-63 |
| Sublocalización o colección | R.114980 |
| Estatus retirado | Estado de pérdida | Estado de daño | No para préstamo | Biblioteca de origen | Biblioteca actual | Ubicación en estantería | Fecha de adquisición | Fuente de adquisición | Total de préstamos | Signatura topográfica completa | Código de barras | Visto por última vez | Precio de reemplazo | Tipo de ítem Koha |
|---|---|---|---|---|---|---|---|---|---|---|---|---|---|---|
| Biblioteca del Ateneo de Madrid | Biblioteca del Ateneo de Madrid | Sala Pecera Planta 3 | 17/01/2008 | G-12055-63 | 1087045 | 23/02/2023 | 23/02/2023 | Libro impreso |
